000 00414nam a2200169Ia 4500
008 100122s9999 xx 000 0 und d
082 _b30210
_a135
100 _aROKHLIN L
245 _aSLEEP HYPNOSIS DREAMS
260 _bFOREIGN LANGUAGE PUBLISH HOUSE
_c1905
300 _a91
520 _aSLEEP
620 _aSLEEP
630 _aSLEEP HYPNOSIS DREAMS
730 _aSLEEP HYPNOSIS DREAMS
942 _cBOOK
999 _c369585
_d369582